Music Quiz

Random Music or Clickable Quiz
Score 0/50 Timer 06:00
3 Plays Today
% Correct
Beauty
92%
Heaven
91.7%
Spirit
91.6%
Heart
91.1%
Eyes
90.3%
Best
86.5%
Walking
86.2%
Bridge
86.1%
Back
86.1%
Lie
85.9%
Die
84.7%
Let
84.7%
November
84.5%
Tears
84.5%
Talk
83.6%
Diamonds
83.2%
Around
81.9%
Wishing
81.4%
Lover
81.4%
Beg
80%
Highway
78.9%
Quit
78.6%
Marry
75.1%
Rhythm
75.1%
Free
74.2%
% Correct
Friday
73.5%
Ways
73.4%
Playground
72.2%
Uhh
71%
Miss
69.7%
Day
69.4%
Love
69%
Come
67.7%
Dance
67%
Goin'
64.6%
Touch
64.6%
Smile
63.7%
Shaker
62.6%
Arrow
60.7%
Closet
57.8%
Pretty
54.7%
Real
54.7%
Motion
48.2%
Funky
47.6%
Learn
46.8%
Rocked
46.8%
Move
42.1%
Justified
39.1%
Warm
34.9%
Comin'
28.9%

You're not logged in!

Compare scores with friends on all Sporcle quizzes.
OR
Log In

Sporcle TV

Today on Sporcle TV


Watch our educational content, quiz creation guides, and fun videos on Sporcle TV.

Show Comments

Extras

Top Quizzes Today


Score Distribution

Paid Content

Your Account Isn't Verified!

In order to create a playlist on Sporcle, you need to verify the email address you used during registration. Go to your Sporcle Settings to finish the process.

Report this User

Report this user for behavior that violates our Community Guidelines.

Details: